Emerging technologies in infomation management (Record no. 9)
[ view plain ]
| 000 -Trường điều khiển | |
|---|---|
| 00771nam a2200241 a 4500 | |
| 005 - Thời gian thao tác lần cuối với biểu ghi | |
| 20240524071152.0 | |
| 008 - Trường có độ dài cố định -- Thông tin chung tài liệu | |
| 211123s2014 ii 000 0 eng d | |
| 020 ## - Số sách chuẩn quốc tế ISBN | |
| Số ISBN | 9789389974706 |
| 040 ## - Thông tin cơ quan biên mục | |
| Cơ quan biên mục gốc | DLC |
| Ngôn ngữ biên mục | eng |
| Quy tắc mô tả | AACR2 |
| 041 0# - Mã ngôn ngữ | |
| Mã ngôn ngữ của chính văn | eng |
| 082 04 - Ký hiệu phân loại DDC | |
| Chỉ số DDC | 025.068 |
| 100 ## - Tiêu đề chính -- Tên cá nhân | |
| Họ tên cá nhân | K Veeranjaneyulu |
| 245 00 - Nhan đề chính | |
| Nhan đề chính | Emerging technologies in infomation management |
| Thông tin trách nhiệm | / K. Veeranjaneyulu, T. Sreennivasa Rao, P. Adi Seshaiah editor |
| 260 ## - Địa chỉ xuất bản | |
| Nơi xuất bản | Sultan Bazar |
| Nhà xuất bản | : BS publications |
| Năm xuất bản | , 2014 |
| 300 ## - Mô tả vật lý | |
| Độ lớn/Số trang | xviii, 294 p. |
| Kích thước, khổ cỡ | ; 24 cm |
| 504 ## - Phụ chú thư mục | |
| Phụ chú về thư mục | Includes bibliographical references and index. |
| 653 #0 - Thuật ngữ chủ đề không kiểm soát | |
| Từ khóa | Infomation |
| 653 #0 - Thuật ngữ chủ đề không kiểm soát | |
| Từ khóa | Management |
| 700 1# - Tiêu đề bổ sung -- Tên cá nhân | |
| Họ tên cá nhân | K. , Veeranjaneyulu |
| Thông tin trách nhiệm | : editor |
| 700 1# - Tiêu đề bổ sung -- Tên cá nhân | |
| Họ tên cá nhân | T. Sreennivasa, Rao |
| Thông tin trách nhiệm | : editor |
| 700 1# - Tiêu đề bổ sung -- Tên cá nhân | |
| Họ tên cá nhân | P. Adi, Seshaiah |
| Thông tin trách nhiệm | : editor |
| 942 ## - Định dạng tài liệu (KOHA) | |
| Nguồn phân loại | Dewey Decimal Classification |
| Kiểu tài liệu (Koha) | Books |
| Số lần ghi mượn | Ký hiệu phân loại | Đăng ký cá biệt | Cập nhật lần cuối | Số bản sao | Ngày áp dụng giá thay thế | Kiểu tài liệu | Trạng thái mất tài liệu | Nguồn phân loại | Trạng thái hư hỏng | Không cho mượn về | Trạng thái lưu thông | Thư viện sở hữu | Thư viện lưu trữ | Ngày bổ sung |
|---|---|---|---|---|---|---|---|---|---|---|---|---|---|---|
| 025.068 | DL00000008 | 09/05/2024 | 1 | 09/05/2024 | Sách giáo khoa | Dewey Decimal Classification | Sẵn sàng lưu thông | Trường K12_01 | Trường K12_01 | 09/05/2024 |
